South American leaf blight of Hevea 1. Variability of microcyclus ulei pathogenicity (Record no. 69082)

MARC details
000 -LEADER
fixed length control field 00413nam a2200145Ia 4500
100 ## - MAIN ENTRY--AUTHOR NAME
Personal name Rivano F
245 #0 - TITLE STATEMENT
Title South American leaf blight of Hevea 1. Variability of microcyclus ulei pathogenicity
260 ## - PUBLICATION, DISTRIBUTION, ETC. (IMPRINT)
Name of publisher Plantations, Recherche, Developpement
Year of publication 1997
300 ## - PHYSICAL DESCRIPTION
Number of Pages 104-114
650 ## - SUBJECT ADDED ENTRY--TOPICAL TERM
Topical Term Hevea
650 ## - SUBJECT ADDED ENTRY--TOPICAL TERM
Topical Term Microcyclus ulei
650 ## - SUBJECT ADDED ENTRY--TOPICAL TERM
Topical Term SALB
942 ## - ADDED ENTRY ELEMENTS (KOHA)
Koha item type Journals
Holdings
Withdrawn status Lost status Damaged status Not for loan Home library Current library Shelving location Date acquired Serial Enumeration / chronology Koha item type
      Journals RRII Library RRII Library Pathology 17/12/2021 Volume 4, Issue 2 Journals